| 000 | 01275nas0a22002291i 4500 | ||
|---|---|---|---|
| 001 | v19\rc\1266718 | ||
| 005 | 20260406174911.0 | ||
| 035 | _a(NLR Aleph) 004419575 | ||
| 090 |
_a4117451 _c4117451 |
||
| 100 | _a20060306b18941917|||a0rusy50 ca | ||
| 101 | 0 | _arus | |
| 102 | _aRU | ||
| 105 | _ay z ||||| | ||
| 200 | 1 | _aИзвестия Министерства земледелия | |
| 210 |
_aСанкт-Петербург _d1894-1917 |
||
| 300 | _aЗа 1895-1897 гг. с прил.: Метеорологический бюллетень Главной физической обсерватории; за 1895-1897 гг. с прил.: Цены на хлеба и спирт, фрахты и страховые премии...; за 1898-1917 гг. с прил.: Список изданиям; за 1902-1917 гг. с прил.: Новые издания... | ||
| 710 | 0 | 1 |
_aРоссия _bМинистерство земледелия _3RU\NLR\AUTH\889943044 _9381168 |
| 801 | 0 |
_aRU _bNLR _gpsbo |
|
| 801 | 1 |
_aRU _bProSoft-M _2rusmarc |
|
| 830 | _aПеречень имеющихся в библиотеке томов, номеров, годов этого издания смотри в каталоге периодических изданий | ||
| 852 |
_aNLR _j4/10 |
||
| 942 | _cSE | ||